LEADER 01953nam0-2200433 --450 001 9910341459303321 005 20200402110811.0 010 $z978143952328 035 $a(OCoLC)ocn780334795 100 $a20191008d2013--------kmuy0itay5050----ba 101 0 $aeng 102 $aUS 200 1 $aSpace program management$emethods and tools$fMarcello Spagnulo, Rick Fleeter, with Mauro Balduccini, Federico Nasini 210 $aNew York$cSpringer ;$aEl Segundo, California$cMicrocosm Press$dc2013 215 $axix, 352 p.$cill. (some col.) ;$d24 cm 225 1 $aSpace technology library ;$v28 320 $aIncludes bibliographical references (p. 339-340) and index. 327 $a1. Space activities : a peculiar economical, political, and industrial sector -- 2. Space program management -- 3. Marketing of space programs -- 4. Methods and tools of space programs management -- 5. Risk management of space programs -- 6. Cost management in space programs -- 7. Financial management of space programs -- 8. Management of small, low-cost space programs -- 9. Examples of management applied to different space programs. 607 $aOuter space$xExploration$xManagement 610 0 $aAstronautics$xManagement 610 0 $aAstronautics and state 610 0 $aAerospace engineering$xManagement 676 $a629.40684 700 1$aSpagnulo,$bMarcello$0515125 701 1$aFleeter,$bRick$f1954-$0767252 701 1$aBalduccini,$bMauro$0634184 701 1$aNasini,$bFederico$0634185 801 0$aIT$bUNINA$gRICA$2UNIMARC 912 $a9910341459303321 952 $a13 SC I P 51$b2780 / 2019$fFINBC 952 $a13 H 62 22$b2781 / 2019$fFINBC 952 $a13 H 62 23$b2782 / 2019$fFINBC 952 $a23 16 D 31$b2783 / 2019$fFINAG 952 $a23 16 D 32$b2784 / 2019$fFINAG 952 $a23 16 D 33$b2785 / 2019$fFINAG 959 $aFINBC 959 $aFINAG 996 $aSpace program management$91561922 997 $aUNINA LEADER 01823nas 22006373a 450 001 996208027603316 005 20230522010532.0 011 $a1945-5089 024 8 $aeb728270 024 8 $apq28989 035 $a(OCoLC)39003655 035 $a(CKB)954921421541 035 $a(CONSER)--2008212873 035 $a(MiAaPQ)41632 035 $a(EXLCZ)99954921421541 100 $a19980423b19912018 s-- a 101 0 $aeng 135 $aurmnu|||||||| 181 $ctxt$2rdacontent 182 $cc$2rdamedia 183 $acr$2rdacarrier 200 00$aHR focus 210 $aNew York $cAmerican Management Association 210 3 $aArlington, VA $cBureau of National Affairs 215 $a1 online resource 311 $a1059-6038 517 3 $aHRfocus 531 $aHR FOCUS THE HANDS ON TOOL FOR HUMAN RESOURCES PROFESSIONALS 531 $aHUMAN RESOURCES FOCUS 531 $aHRFOCUS 606 $aPersonnel management$vPeriodicals 606 $aPersonnel Management 606 $aPersonnel$xDirection$vPériodiques 606 $aHuman Resources$2ebps 606 $aPersonnel management$2fast$3(OCoLC)fst01058797 606 $aPersonalwesen$2gnd 606 $aZeitschrift$2gnd 606 $aPersoneelsmanagement$2gtt 607 $aUSA$2swd 608 $aPeriodical. 608 $aPeriodicals.$2fast 608 $aPeriodicals.$2lcgft 615 0$aPersonnel management 615 2$aPersonnel Management. 615 6$aPersonnel$xDirection 615 7$aHuman Resources. 615 7$aPersonnel management. 615 7$aPersonalwesen 615 7$aZeitschrift 615 17$aPersoneelsmanagement. 676 $a658.3 712 02$aAmerican Management Association. 906 $aJOURNAL 912 $a996208027603316 996 $aHR focus$9796343 997 $aUNISA